00339nam a22001457a 4500003000400000008004100004020001800045082001900063100001700082245002400099250001100123260003000134300000800164650002100172OSt230509b |||||||| |||| 00| 0 eng d a9788195379590 a954.035092 SIW aSINGH,Bhagat aWhy i am an Atheist a1st Ed aNew DelhibLexicon c2021 a432 aDecentralization